000 00797nam a2200181Ia 4500
008 151018s9999 xx 000 0 und d
082 _bRBASDV33727
_a891.431
100 _aसुभाष मुखोपाध्याय
245 _aकाव्य जिज्ञासा तथा अन्य कविताएं
250 _b1
260 _bभारतीय प्रकाशन संस्था
_c2001
300 _a106
600 _aसुभाष मुखोपाध्याय
630 _aकाव्य जिज्ञासा तथा अन्य कविताएं
700 _aसुभाष मुखोपाध्याय
730 _aकाव्य जिज्ञासा तथा अन्य कविताएं
942 _cBOOK
999 _c1033231
_d1033228